| Поле | Название | Значение |
| |
Тип записи |
a |
| |
Библиографический уровень |
c |
| 001 |
Контрольный номер |
RU/SLIB/B/208715529 |
| 005 |
Дата корректировки |
20201206203926.7 |
| 010 |
Индекс ISBN |
__ |
| d |
Цена |
3-16 |
| 101 |
Язык документа |
__ |
| a |
Язык текста |
eng |
| 200 |
Заглавие и сведения об ответственности |
0_ |
| a |
Заглавие |
My Aррrenticeshiр ; My Universities |
| b |
Общее обозначение материала |
Текст |
| 210 |
Выходные данные |
__ |
| a |
Место издания |
М. |
| c |
Издательство |
Пpогpесс |
| d |
Дата издания |
1973 |
| 215 |
Физическое описание |
__ |
| a |
Объем |
485 с. |
| 225 |
Серия |
__ |
| a |
Серия |
Soviet Authors Library |
| 300 |
Общие примечания |
__ |
| a |
Общие примечания |
Текст на англ. яз. |
| 327 |
Примечание о содержании |
__ |
| a |
Примечание о содержании |
My Universities |
| 517 |
Другие варианты заглавия |
__ |
| a |
Другие варианты заглавия |
В людях ; Мои университеты |
| 517 |
Другие варианты заглавия |
__ |
| a |
Другие варианты заглавия |
My Universities |
| 600 |
Персоналии |
__ |
| a |
Персоналии (Фамилия) |
Горький, М. |
| 606 |
Тематические рубрики |
__ |
| a |
Основная рубрика |
Художественная литература |
| 606 |
Тематические рубрики |
__ |
| a |
Основная рубрика |
Русская литература XIX в. (произведения) |
| 606 |
Тематические рубрики |
__ |
| y |
Географическая подрубрика |
Россия; СССР |
| 610 |
Ключевые слова |
__ |
| a |
Ключевые слова |
английский язык; писатели; повести |
| 686 |
Индексы других классификаций |
__ |
| a |
Классификационный индекс |
84(2Рос=Рус)6-4 |
| 700 |
Автор |
_1 |
| a |
Фамилия |
Gorky |
| b |
Имя |
M. |
| 4 |
Код отношения |
070 |
| 790 |
Имя лица - альтернативная форма |
__ |
| a |
Имя лица - альтернативная форма |
Горький, М. |
| 801 |
Источник записи |
_0 |
| a |
Страна |
RU |
| b |
Организация |
Муниципальное бюджетное учреждение культуры "Централизованная библиотечная система" г. Сургут (Центральная городская библиотека им. А. С. Пушкина) |
| g |
Правила каталогизации |
К/Кундохова |
| 801 |
Источник записи |
_1 |
| a |
Страна |
RU |
| b |
Организация |
Муниципальное бюджетное учреждение культуры "Централизованная библиотечная система" г. Сургут (Центральная городская библиотека им. А. С. Пушкина) |
| g |
Правила каталогизации |
К/Кундохова |
| 852 |
Данные о местонахождении |
__ |
| j |
Шифр хранения |
84(2Рос=Рус)6-4 |
| c |
Каталожный индекс |
84(2Рос=Рус)6-4 |
| i |
Авторский знак |
G 65 |
| p |
Инвентарный номер |
17837(с) |
| 901 |
Тип документа |
__ |
| t |
Тип документа |
x |
| 969 |
Тип издания |
__ |
| a |
Тип издания |
сборник |
| 990 |
Данные о заказе (DOS) |
__ |
| j |
Количество экземпляров (DOS) |
1 |